000 00187nam a2200073Ia 4500
008 170817s9999 xx 000 0 und d
100 _aRAWAT R.K
245 0 _aHISTORY & PROBLEMS OF INDIAN EDUCATION
260 _bRADHA PUB.
999 _c38045
_d38045